header

Hong Kong new wave cinema (1978-2000) (Record no. 39748)

MARC details
000 -LEADER
fixed length control field 01176nam a2200301Ia 4500
100 1# - MAIN ENTRY--AUTHOR NAME
Personal name Zhuo, Botang.
245 10 - TITLE STATEMENT
Title Hong Kong new wave cinema (1978-2000)
260 ## - PUBLICATION, DISTRIBUTION, ETC. (IMPRINT)
Place of publication Bristol, UK ;
-- Chicago, USA :
Name of publisher Intellect,
Year of publication 2008.
300 ## - PHYSICAL DESCRIPTION
Number of Pages 262 p.
650 #0 - SUBJECT ADDED ENTRY--TOPICAL TERM
Topical Term Motion pictures
Topical Term Performing arts
856 40 - ELECTRONIC LOCATION AND ACCESS
Uniform Resource Identifier http://site.ebrary.com/lib/rucke/Doc?id=10231487

No items available.

© 2026 Rongo University
Contact us: librarian | system librarian | Rongo university